000 00261nam a22001217a 4500
082 _a823
_bDAS/G
100 _aDAS, SINDHU SATHYA
245 _aGOD'S LITTLE DEW DROPS
260 _aALUVA
_bPEN BOOKS
_c2002
300 _a208
650 _aNOVEL
_zINDIA
942 _cBK
999 _c3009
_d3009